GRAY'S ANATOMY FOR STUDENTS [VOL-1] (Record no. 7844)

MARC details
000 -LEADER
fixed length control field 00454nam a22001697a 4500
005 - DATE AND TIME OF LATEST TRANSACTION
control field 20240110120033.0
008 - FIXED-LENGTH DATA ELEMENTS--GENERAL INFORMATION
fixed length control field 220120b ||||| |||| 00| 0 eng d
020 ## - INTERNATIONAL STANDARD BOOK NUMBER
ISBN 978-81-312-5574-2
041 ## - LANGUAGE CODE
Language code of text/sound track or separate title eng
082 ## - DEWEY DECIMAL CLASSIFICATION NUMBER
Classification number 611
100 ## - MAIN ENTRY--AUTHOR NAME
Personal name DRAKE, RICHARD.,VOGL,A. WAYNE AND MITCHELL,ADAM W.M.
245 ## - TITLE STATEMENT
Title GRAY'S ANATOMY FOR STUDENTS [VOL-1]
260 ## - PUBLICATION, DISTRIBUTION, ETC. (IMPRINT)
Name of publisher ELSEVIER
Year of publication 2020
300 ## - PHYSICAL DESCRIPTION
Number of Pages 716;p
650 ## - SUBJECT ADDED ENTRY--TOPICAL TERM
Topical Term BPT PHARMACY
General subdivision B.PHARMA
942 ## - ADDED ENTRY ELEMENTS (KOHA)
Koha item type Books
Holdings
Lost status Damaged status Collection code Home library Current library Shelving location Date acquired Source of acquisition Cost, normal purchase price Full call number Accession Number Koha item type
    PHYSIOTHERAPY JRU Library JRU Library Shelf - 24- B 20/01/2022 PURCHASE 4915.00 611 25877 Books
    Reference JRU Library JRU Library Shelf - 24- B 20/01/2022 PURCHASE 4915.00 611 25878 Books